LEADER 00713nam a2200205 i 4500 001 000000200534 003 CaOOAMICUS 005 20141021000000.0 008 141021s1962 it u000 u ita u 013 $a179234 040 $aSeMil$bita 245 10$a1. 300 $aVI, 730 p., [21] c. di tav. :$bill. 500 $aFondo card. Giovanni Colombo. 773 0 $aLemoyne, Giovanni Battista $tVita di san Giovanni Bosco.$bNuova ed. / a cura di Angelo Amadei.$dTorino : SEI, 1962.$g2$w()30763 850 $aSeMil 852 $aSeMil$W1$xVenegono$y1$m3GC II 240$j257596$B151063$CSeMilBibl$Z2$F162363 $8B 941 1 $a3 961 $aLascito: Colombo Card. Giovanni 996 $6245$a1$9(OLS)http://semarc/title/6508 LEADER 01424nam a2200301 i 4500 001 000000253435 003 CaOOAMICUS 005 20220426121344.0 008 170323s2021 it l u000 u ita u 013 $a232340 020 $a978-88-514-2435-0 040 $aSeMil$bita 110 2 $aChiesa Cattolica.$0(OLS)http://semarc/name/987 245 10$aCodice di diritto canonico :$btesto ufficiale latino, traduzione italiana, fonti, interpretazioni autentiche : testo aggiornato al 15 giugno 2021 /$ca cura della Redazione di Quaderni di diritto ecclesiale. 250 $aEd. riveduta e aggiornata 264 1$aMilano :$bÀncora,$c2021. 300 $a1155 p. ;$c16 cm. 650 4$aDiritto canonico - Legislazione.$0(OLS)http://semarc/subject/39734 710 2 $aRedazione di Quaderni di diritto ecclesiale.$0(OLS)http://semarc/name/115795 850 $aSeMil 852 $aSeMil$W1$xVenegono$y1$mSL1.N VI 47$j258046$B203781$CSeMilBibl$Z2$F217182 $8I 910 2 $aSanta Sede. 961 $aLascito: Coronelli don Renato 996 $6020$a978-88-514-2435-0$9(OLS)http://semarc/number/295747 996 $6245$aCodice di diritto canonico :$btesto ufficiale latino, traduzione italiana, fonti, interpretazioni autentiche : testo aggiornato al 15 giugno 2021$9(OLS)http://semarc/title/439756 996 $6264$aMilano :$bÀncora$9(OLS)http://semarc/publisher/29763